00359nam a2200145Ia 4500008004100000020001500041041001200056100002000068245006200088250000800150260002500158300000900183650000700192700001400199221030s9999 xx 000 0 und d a9339213114 aEnglish aR. Ramakrishnan 0aDatabase Management Systemcby R. Ramakrishnan, J. Gehrke a3rd bTMHaNew Delhic2015 a1065 aIT aJ. Gehrke